Statistics for NBA Number One Seeds Since 2000

Click here to take the quiz!

General Stats

  • This quiz has been taken 17 times
  • The average score is 30 of 50

Answer Stats

ConferenceYearRecordTeam% Correct
Eastern200156-2676ers
73%
Eastern202358-24Bucks
73%
Eastern201657-25Cavaliers
73%
Eastern200866-16Celtics
73%
Eastern202464-18Celtics
73%
Eastern201366-16Heat
73%
Western2020 (COVID)52-19Lakers
73%
Western200067-15Lakers
73%
Western2012 (Lockout)50-16Spurs
73%
Western200158-24Spurs
73%
Western201462-20Spurs
73%
Western202457-25Thunder
73%
Western201567-15Warriors
73%
Western201673-9Warriors
73%
Western201957-25Warriors
73%
Western201767-15Warriors
73%
Eastern2020 (COVID)56-17Bucks
64%
Eastern201162-20Bulls
64%
Eastern200966-16Cavaliers
64%
Eastern201061-21Cavaliers
64%
Western200857-25Lakers
64%
Western200965-17Lakers
64%
Western201057-25Lakers
64%
Eastern200252-30Nets
64%
Eastern200350-32Pistons
64%
Western201865-17Rockets
64%
Western201360-22Thunder
64%
Eastern201960-22Bucks
55%
Eastern2012 (Lockout)50-16Bulls
55%
Eastern201560-22Hawks
55%
Eastern202253-29Heat
55%
Western200261-21Kings
55%
Western200767-15Mavericks
55%
Eastern201456-26Pacers
55%
Eastern200461-21Pacers
55%
Eastern200664-18Pistons
55%
Eastern200753-29Pistons
55%
Western200360-22Spurs
55%
Western200663-19Spurs
55%
Western201161-21Spurs
55%
Eastern2021 (COVID)49-2376ers
45%
Eastern201753-29Celtics
45%
Western202353-29Nuggets
45%
Eastern200056-26Pacers
45%
Eastern201859-23Raptors
45%
Western202264-18Suns
45%
Western200562-20Suns
45%
Eastern200559-23Heat
36%
Western2021 (COVID)52-20Jazz
36%
Western200458-24Timberwolves
36%

Score Distribution

Percentile by Number Answered

Percent of People with Each Score

Your Score History

You have not taken this quiz